The future for listed places of worship (Record no. 117158)
[ view plain ]
| 000 -LEADER | |
|---|---|
| fixed length control field | 01418cam a2200229 4500 |
| 001 - CONTROL NUMBER | |
| control field | WB4013-03 |
| 008 - FIXED-LENGTH DATA ELEMENTS--GENERAL INFORMATION | |
| fixed length control field | 040331n2004 000 0 eng u |
| 035 ## - SYSTEM CONTROL NUMBER | |
| System control number | (Sirsi) u125701 |
| 245 #4 - TITLE STATEMENT | |
| Title | The future for listed places of worship |
| 260 ## - PUBLICATION, DISTRIBUTION, ETC. | |
| Date of publication, distribution, etc. | 2004 |
| 490 ## - SERIES STATEMENT | |
| Series statement | DCMS News Release |
| Volume/sequential designation | (014/04) 1 March 2004 (2) |
| 520 ## - SUMMARY, ETC. | |
| Summary, etc. | Government has launched a public consultation on how listed places of worship should be protected. The consultation highlights the use of ecclesiastical exemption, where buildings held by certain denominations are exempt from listed building and conservation area controls. However, government wants English Heritage to oversee these denominations and take over if necessary which could stifle new development and stop churches from commissioning new work. The consultation, "The future of the ecclesiastical exemption", is available on the DCMS website, http://www.culture.gov.uk/global/consultations/200 4+current+consultations/cons_eexemption.htm. http://www.culture.gov.uk/global/press_notices/arc hive_2004/dcms014_04.htm?properties=archive%5F2004 %2C%2Fhistoric%5Fenvironment%2FQuickLinks%2Fpress% 5Fnotices%2Fdefault%2C&month= |
| 590 ## - LOCAL NOTE (RLIN) | |
| Local note | WB |
| 590 ## - LOCAL NOTE (RLIN) | |
| Local note | WB |
| 650 ## - SUBJECT ADDED ENTRY--TOPICAL TERM | |
| Topical term or geographic name entry element | ECCLESIASTICAL EXEMPTION |
| 650 ## - SUBJECT ADDED ENTRY--TOPICAL TERM | |
| Topical term or geographic name entry element | CHURCHES |
| 650 ## - SUBJECT ADDED ENTRY--TOPICAL TERM | |
| Topical term or geographic name entry element | HISTORIC ENVIRONMENT |
| 650 ## - SUBJECT ADDED ENTRY--TOPICAL TERM | |
| Topical term or geographic name entry element | LISTED BUILDINGS |
| 650 ## - SUBJECT ADDED ENTRY--TOPICAL TERM | |
| Topical term or geographic name entry element | CONSERVATION AREAS. |
| 690 ## - LOCAL SUBJECT ADDED ENTRY--TOPICAL TERM (OCLC, RLIN) | |
| Topical term or geographic name as entry element | BUILDING CONSERVATION |
| 942 ## - ADDED ENTRY ELEMENTS (KOHA) | |
| Suppress in OPAC | 0 |
| Withdrawn status | Lost status | Source of classification or shelving scheme | Damaged status | Not for loan | Home library | Current library | Shelving location | Date acquired | Total Checkouts | Full call number | Barcode | Date last seen | Copy number | Price effective from | Koha item type |
|---|---|---|---|---|---|---|---|---|---|---|---|---|---|---|---|
| Dewey Decimal Classification | London | London | News article | 31/03/2004 | WB4013-03 | 125701-1001 | 06/08/2019 | 1 | 06/08/2019 | News article |